Nubia : magica terra millenaria /
محفوظ في:
المؤلف الرئيسي:
مؤلفون آخرون:
التنسيق: كتاب
اللغة: Italian
منشور في:
Firenze :
Giunti,
2006.
الموضوعات:
الوسوم: إضافة وسم
لا توجد وسوم, كن أول من يضع وسما على هذه التسجيلة!
رقم الطلب: DT159.6 .N83 C37
| LEADER | 00880nam a22002417a 4500 | ||
|---|---|---|---|
| 003 | OSt | ||
| 005 | 20260419105321.0 | ||
| 008 | 260419t2006 it a b 000 0 ita d | ||
| 020 | |a 9788809045576 | ||
| 020 | |a 8809045572 | ||
| 040 | |c ARCE Library | ||
| 050 | 1 | 4 | |a DT159.6 .N83 |b C37 |
| 100 | 1 | |a Castiglioni, Alfredo, |d 1937-2016. | |
| 245 | 1 | 0 | |a Nubia : |b magica terra millenaria / |c Alfredo Castiglioni, Angelo Castiglioni ; contributi di Charles Bonnet ... [et al.] ; prefazione di Sergio Donadoni ; a cura di Piero Pruneti, Archeologia viva. |
| 264 | 1 | |a Firenze : |b Giunti, |c 2006. | |
| 300 | |a 239 p. : |b col. ill. ; |c 27 cm. | ||
| 504 | |a Includes bibliographical references. | ||
| 651 | 0 | |a Nubia |x Civilization |v Pictorial works. | |
| 651 | 0 | |a Nubia |v Pictorial works. | |
| 700 | 1 | |a Castiglioni, Angelo, |d 1937- | |
| 901 | |a reviewed | ||
| 942 | |2 lcc |c BK | ||
| 999 | |c 47515 |d 47515 | ||
